تز کرت الکرام / (Record no. 197347)

MARC details
000 -LEADER
fixed length control field 00640nam a22001937a 4500
005 - DATE AND TIME OF LATEST TRANSACTION
control field 20230822115554.0
010 ## - LCCN (DPL NO)
LC control number UR-12149
020 ## - INTERNATIONAL STANDARD BOOK NUMBER
International Standard Book Number 9789393785633
Terms of availability 800.00
035 ## - SYSTEM CONTROL NUMBER
System control number U-10704
037 ## - SOURCE OF ACQUISITION
Source of stock number/acquisition DBAD/PUB
082 ## - DEWEY DECIMAL CLASSIFICATION NUMBER
Classification number 844
100 ## - MAIN ENTRY--PERSONAL NAME
Personal name محمود احمد عبا سی
245 ## - TITLE STATEMENT
Title تز کرت الکرام /
Statement of responsibility, etc محمود احمد عبا سی
246 ## - VARYING FORM OF TITLE
Title proper/short title Tazkiratul Kirami /
Remainder of title by Mahmood Ahmed Abbasi
260 ## - PUBLICATION, DISTRIBUTION, ETC. (IMPRINT)
Place of publication, distribution, etc New Delhi
Name of publisher, distributor, etc Educational Publishing House
Date of publication, distribution, etc 2022 ء
270 ## - ADDRESS
Address H.o. D1/16, Ansari Road, Darya Ganj
City New Delhi
Postal code 110002
300 ## - PHYSICAL DESCRIPTION
Extent 468 ص
Dimensions 23cm(Hb)
942 ## - ADDED ENTRY ELEMENTS (KOHA)
Source of classification or shelving scheme Dewey Decimal Classification
Item type Urdu Bks
Call number suffix م ح م
Edition
Classification part 844
Holdings
Withdrawn status Lost status Not for loan Collection code Home library Current library Date acquired Source of acquisition Cost, normal purchase price Full call number Barcode Copy number Cost, replacement price Koha item type
      Non-fiction Kadipur Kadipur 22/08/2023 DBAD/PUB 800.00 844 م ح م U-10704 1 800.00 Urdu Bks

© Delhi Public Library
Hit Counter
free hit counter